000 00344nam a2200121 4500
245 _aPoems
_cWilliam Wordsworth ; edited with an introductionby Philip Wayne
100 _aWordsworth, William
710 _aWayne, Philip
260 _aLondon
_bDent
_c1907
300 _a3v.; 18cm.-
490 _aEveryman's library; 203,311
082 _a821.7
_bWOR/WAY
999 _c1072
_d1072